Identidades nacionales en centroámerica. Bibliografía de los estudios historiográficos /
Bibliografía de los estudios historiográficos sobre las identidades nacionales en Centroamérica, precedida por una presentacón escrita por Víctor Hugo Acuña Ortega y David Díaz Arias, quienes se encargaron de recopilarla
Salvato in:
| Autore principale: | |
|---|---|
| Altri autori: | |
| Natura: | testo |
| Soggetti: | |
| Tags: |
Aggiungi Tag
Nessun Tag, puoi essere il primo ad aggiungerne!!
|
MARC
| LEADER | 00000 a a2200000 04500 | ||
|---|---|---|---|
| 001 | 15647 | ||
| 003 | |||
| 040 | |||
| 100 | |a Díaz Arias, David | ||
| 245 | |a Identidades nacionales en centroámerica. Bibliografía de los estudios historiográficos / |c David Díaz Arias ; Víctor Hugo Acuña Ortega | ||
| 520 | |a Bibliografía de los estudios historiográficos sobre las identidades nacionales en Centroamérica, precedida por una presentacón escrita por Víctor Hugo Acuña Ortega y David Díaz Arias, quienes se encargaron de recopilarla | ||
| 650 | |a IDENTIDAD CULTURAL | ||
| 650 | |a NACIONALISMO | ||
| 650 | |a BIBLIOGRAFIAS | ||
| 650 | |a RESEÑAS BIBLIOGRAFICAS | ||
| 650 | |a HISTORIA | ||
| 700 | |a Acuña Ortega, Víctor Hugo | ||
| 773 | |g número 45; páginas 267-283 | ||
| 999 | |c 33343 |d 33343 | ||
